[Event "Baden-Elsass m"]
[Site "Forst Baden"]
[Date "2001.09.16"]
[Round "?"]
[White "Hoffmann, Regis"]
[Black "Tresch, Ralf"]
[Result "1-0"]
[WhiteElo "2163"]
[BlackElo "2214"]
[PlyCount "65"]
[EventDate "2001.??.??"]
[EventType "team-tourn"]
[EventRounds "1"]
[EventCountry "GER"]
[SourceTitle "EXT 2004"]
[Source "ChessBase"]
[SourceDate "2003.11.25"]
[SourceVersion "1"]
[SourceVersionDate "2003.11.25"]
[SourceQuality "1"]

1. d4 d5 2. Bg5 h6 3. Bh4 c6 4. e3 Qb6 5. Qc1 e5 6. Nf3 exd4 7. exd4 Be7 8. Bg3 Bf5 9. Be2 Nf6 10. 0-0 Nbd7 11. Nbd2 0-0 12. b3 Nh5 13. c4 Nxg3 14. hxg3 Bf6 15. c5 Qc7 16. Qc3 b6 17. b4 a5 18. a3 Rfb8 19. Bd3 Bxd3 20. Qxd3 axb4 21. cxb6 Rxb6 22. axb4 Rxa1 23. Rxa1 Rxb4 24. Ra8+ Rb8 25. Qa6 Rxa8 26. Qxa8+ Kh7 27. Qe8 Nb6 28. Nb3 Na4 29. Ne5 Bxe5 30. dxe5 Nb6 31. Nc5 Nc4 32. Nd7 Kg6 33. e6 1-0